| 000 | 00490 a2200181 4500 | ||
|---|---|---|---|
| 020 | _a0024241504 | ||
| 020 | _a0024241504 | ||
| 040 | _aDLC | ||
| 082 | 0 | _a519.5 | |
| 100 | 1 | 0 | _aWalpole, Ronald E. |
| 245 | 1 | 0 |
_aIntroduction to statistics _cRonald E. Walpole. |
| 250 | _a3rd ed. | ||
| 260 | 0 |
_aNew York : _bMacmillan ; _aLondon : _bCollier Macmillan, _cc1982. |
|
| 300 |
_axv, 521 p. : _bill. ; _c24 cm. |
||
| 500 | _aIncludes index. | ||
| 650 | 0 | _aStatistics. | |
| 942 |
_cBK _k519.5 WAL _2ddc |
||
| 999 |
_c7703 _d7703 |
||